000 00721nam a22002177a 4500
999 _c20767
_d20767
003 AR-CdUCM
008 190605b ||||| |||| 00| 0 spa d
020 _a958-02-1465-4
040 _aMUNICIPALIDAD PROVINCIAL DEL CUSCO
_cBIBLIOTECA MUNICIPAL DEL CUSCO
082 _a707 /
_bG96
100 _aGutiérrez, Natalia
_943373
245 _aCrearte :
_bTécnicas Básicas de expresión artística 6 /
260 _aColombia:
_bVoluntad,
_c1999.
300 _a111 páginas;
_bIlustraciones,
_c27 cm.
505 _aContenido: Tu amigo el triangulo -- La escultura -- Técnicas de escultura...
650 _aArte
_9561
650 _aTecnicas
_9975
650 _aColombia
_9140
942 _2ddc
_cLIBROS
945 _aJavier